| 000 | 00656nam a2200217Ia 4500 | ||
|---|---|---|---|
| 005 | 20241216010256.0 | ||
| 008 | 180423s9999||||xx |||||||||||||| ||und|| | ||
| 082 |
_a300 _bE61 |
||
| 100 | _aENGELS, F. | ||
| 245 | 0 |
_aEL ORIGEN DE LA FAMILIA, LA PROPIEDAD PRIVADA Y EL ESTADO _bEN RELACION CON LAS INVESTIGACIONES DE L. H. MORGAN |
|
| 250 | _a0 | ||
| 260 |
_aMOSCU - URSS. _bPROGRESO _c1900 |
||
| 300 |
_a213 pag. _c21 cm |
||
| 341 | _h0 | ||
| 490 |
_v0 _a0 |
||
| 505 | _aESTADOS PREHISTORICOS/CULTURA BARBARIE-CIVILIZACION | ||
| 541 |
_aC _bREQUIS ESPINOZA, JULIO _d13-Jun-03 |
||
| 650 | _aCIENCIAS SOCIALES | ||
| 856 | _zHumanidades | ||
| 942 | _cLIBRO | ||
| 999 |
_c10170 _d10170 |
||